[Event "Mumbai ICS-ch"]
[Site "Mumbai"]
[Date "2022.10.02"]
[Round "8"]
[White "Nitin, M Pai"]
[Black "Arjun, Singh"]
[Result "1-0"]
[WhiteElo "1579"]
[BlackElo "1350"]
[PlyCount "61"]
[EventDate "2022.09.25"]
[EventType "swiss"]
[EventRounds "8"]
[EventCountry "IND"]
[SourceTitle "EXT 2023"]
[Source "ChessBase"]
[SourceDate "2022.10.05"]
[SourceVersion "1"]
[SourceVersionDate "2022.10.05"]
[SourceQuality "1"]

1. e4 c5 2. Nf3 g6 3. d3 Bg7 4. g3 Nc6 5. c3 d6 6. Bg2 Nf6 7. Nbd2 0-0 8. 0-0 e5 9. Re1 Be6 10. Nf1 b5 11. h3 a5 12. g4 Qd7 13. Ng3 b4 14. Nh2 bxc3 15. bxc3 Rab8 16. Bg5 Ne8 17. Rb1 Nc7 18. Qd2 Nb5 19. Nf5 Bxa2 20. Nxg7 Kxg7 21. Bh6+ Kg8 22. Qxa2 Nxc3 23. Rxb8 Rxb8 24. Qd2 Nb5 25. f4 a4 26. f5 a3 27. f6 Nbd4 28. Qa2 Rb3 29. Rb1 Nb4 30. Rxb3 Nxb3 31. Qxa3 1-0